[Event "Urals-ch 74th"]
[Site "Khanty-Mansiysk"]
[Date "2016.03.30"]
[Round "8"]
[White "Kharitonov, Nikita"]
[Black "Deryagin, Aleksandr"]
[Result "1/2-1/2"]
[WhiteElo "1696"]
[BlackElo "1770"]
[PlyCount "162"]
[EventDate "2016.03.23"]
[EventType "swiss"]
[EventRounds "9"]
[EventCountry "RUS"]
[SourceTitle "CBM 171 Extra"]
[Source "ChessBase"]
[SourceDate "2016.04.26"]
[SourceVersion "1"]
[SourceVersionDate "2016.04.26"]
[SourceQuality "1"]

1. e4 e5 2. Nf3 Nc6 3. d4 exd4 4. Bc4 Be7 5. c3 d6 6. Qb3 Na5 7. Bxf7+ Kf8 8. Qa4 Kxf7 9. Qxa5 dxc3 10. Nxc3 c6 11. Qxd8 Bxd8 12. Bf4 Bg4 13. Bxd6 Bxf3 14. gxf3 Nf6 15. 0-0-0 b5 16. e5 Nh5 17. Ne4 Nf4 18. Bc5 Nd5 19. Rhe1 Ke6 20. Nc3 Bg5+ 21. Kc2 Bf4 22. Re4 g5 23. h3 a5 24. Ne2 Rac8 25. Nd4+ Kf7 26. Kb1 Rhd8 27. e6+ Kf6 28. e7 Re8 29. Re6+ Kf7 30. Rxc6 Nxe7 31. Bxe7 Kxe7 32. Rxc8 Rxc8 33. Nxb5 Ke6 34. Nc3 Be5 35. Kc2 Rc4 36. Rg1 Kf5 37. Rg4 Bf4 38. Rg1 h5 39. Rd1 Rc5 40. Rd5+ Rxd5 41. Nxd5 Bd6 42. Kd3 Bc5 43. Ke2 Ke5 44. Ne3 a4 45. Ng2 Kf5 46. Kd3 Bxf2 47. Kc4 Ke5 48. Kb4 Bd4 49. b3 axb3 50. axb3 Kd5 51. Ne1 Bc5+ 52. Kc3 Bd4+ 53. Kd3 Ke5 54. b4 Bb6 55. Ng2 Kf5 56. Ne3+ Kf4 57. Nd5+ Kxf3 58. Nxb6 g4 59. hxg4 h4 60. g5 h3 61. g6 h2 62. g7 h1Q 63. g8Q Qd1+ 64. Kc3 Qc1+ 65. Kd4 Qe3+ 66. Kc4 Qxb6 67. Qd5+ Ke2 68. b5 Qa5 69. Kc5 Qa3+ 70. Kc6 Qa8+ 71. Kc5 Qf8+ 72. Qd6 Qf5+ 73. Kc6 Qc8+ 74. Kb6 Qe8 75. Ka5 Qa8+ 76. Kb6 Qe8 77. Ka5 Qa8+ 78. Qa6 Qd5 79. Qc6 Qd2+ 80. Ka6 Qd3 81. Kb6 Kd2 1/2-1/2

[Event "Urals-ch 74th"]
[Site "Khanty-Mansiysk"]
[Date "2016.03.28"]
[Round "6"]
[White "Kharitonov, Nikita"]
[Black "Gavrilin, Roman"]
[Result "1-0"]
[WhiteElo "1696"]
[BlackElo "1517"]
[PlyCount "77"]
[EventDate "2016.03.23"]
[EventType "swiss"]
[EventRounds "9"]
[EventCountry "RUS"]
[SourceTitle "CBM 171 Extra"]
[Source "ChessBase"]
[SourceDate "2016.04.26"]
[SourceVersion "1"]
[SourceVersionDate "2016.04.26"]
[SourceQuality "1"]

1. e4 c5 2. c3 d5 3. exd5 Qxd5 4. d4 cxd4 5. cxd4 Nc6 6. Nf3 Nf6 7. Nc3 Qd8 8. d5 Nb8 9. Bf4 a6 10. Bc4 g6 11. 0-0 Bg7 12. Qe2 0-0 13. Rfe1 Re8 14. Ne5 Bf8 15. Rad1 Nbd7 16. Bg5 h6 17. Bxf6 exf6 18. Nxf7 Rxe2 19. Nxd8 Rxe1+ 20. Rxe1 Ne5 21. Bb3 Kg7 22. f4 Bc5+ 23. Kf1 Nd3 24. Re8 Ra7 25. Ne6+ Bxe6 26. dxe6 b5 27. Rg8+ Kh7 28. Ne4 Be7 29. Rc8 f5 30. Nc3 Nxf4 31. g3 Nd3 32. Nd5 Ne5 33. Re8 Nc6 34. a4 Kg7 35. axb5 axb5 36. Nb6 Rb7 37. Nd7 Rc7 38. Bd5 Bd6 39. Rg8+ 1-0

[Event "Urals-ch 74th"]
[Site "Khanty-Mansiysk"]
[Date "2016.03.26"]
[Round "4"]
[White "Kharitonov, Nikita"]
[Black "Chursin, Aleksandr"]
[Result "1-0"]
[WhiteElo "1696"]
[BlackElo "1767"]
[PlyCount "65"]
[EventDate "2016.03.23"]
[EventType "swiss"]
[EventRounds "9"]
[EventCountry "RUS"]
[SourceTitle "CBM 171 Extra"]
[Source "ChessBase"]
[SourceDate "2016.04.26"]
[SourceVersion "1"]
[SourceVersionDate "2016.04.26"]
[SourceQuality "1"]

1. e4 c5 2. d4 cxd4 3. c3 Nc6 4. Nf3 dxc3 5. Nxc3 e6 6. Bc4 Bb4 7. 0-0 Nge7 8. e5 Bxc3 9. bxc3 Qa5 10. Qe2 0-0 11. h4 Nf5 12. g4 Nfe7 13. Qe4 Ng6 14. Rb1 Ncxe5 15. Rb5 Nxf3+ 16. Qxf3 Qc7 17. Bd3 Qc6 18. Qg3 d5 19. h5 Ne7 20. h6 g6 21. Ba3 Qd7 22. f4 f5 23. Bxe7 Qxe7 24. gxf5 exf5 25. Rxd5 Be6 26. Re1 Qf6 27. Rd6 Rae8 28. Bc4 Bxc4 29. Rxf6 Rxe1+ 30. Qxe1 Rxf6 31. Qe8+ Rf8 32. Qd7 Bf7 33. Qd4 1-0